| 000 | 00356nam a22001577a 4500 | ||
|---|---|---|---|
| 003 | SGT | ||
| 020 | _a978-1-292-05721-7 | ||
| 082 |
_a611 _bF15M |
||
| 100 | _aMARTINI, FREDERIC H. | ||
| 245 | _aFUNDAMENTALS OF ANATOMY & PHYSIOLOGY | ||
| 250 | _a10TH | ||
| 260 |
_aBOSTON _bPERSON _c2015 |
||
| 300 | _a1262 | ||
| 650 | _aANATOMY | ||
| 942 |
_2ddc _cBK _01 |
||
| 999 |
_c15475 _d15475 |
||